00692cam a2200181Ma 450000500170000000800410001702000150005804000680007304100080014110000230014924501250017226000540029730000240035165000380037565000260041365000350043970000360047420171013151028.0960916s1991 xx ad frn 001 0 spa d a0962226432 aCo-BoUCMbspacSandra Palacio (modificó)dAldemar Mondragón1 aspa1 aScholtes, Peter R.13aEl manual del equipobcómo usar equipos para mejorar la calidadcPeter S. Scholtes ; traducción José G., Ramírez aMadison (Wisconsin, Estados Unidos)bJoinerc1991 aVarias paginaciones17aCalidad total en administración27aCírculos de calidad27aEquipos en el lugar de trabajo1 aRamírez, José G.etraductor